01009njm a2200265Ia 450000100060000000300090000600500170001500800410003204000130007304000130008604100120009910000190011110000180013010000380014824500190018625000110020526000110021626000760022730000100030330000290031350000970034250501950043965000460063470000630068026850IT-RoPAU20220918181138.0131025s9999 xx 000 0 und d aIT-RoPAU cIT-RoPAU aINGLESE aZappa Riccardo eAutore musica gCodice autore musica SPICS: 10040 aRiccardo Zappa a1a ed. aITALIA bDDD - DROGUERIA DI DRUGOLOc1983 [1a Ed.:1983 - Ed. Lingua Orig.: 1983] aDISCO c38 minuti (Testo: pag.) aMusica rock. Chitarra classica, la voce di Cooper e la macchina parlante è di Cooper Terry aBizzarre - Cooper e la macchina parlante - Aquiloni di mare - Alta notte - Corale della cantata n. 147 di J. S. Bach - La danza dei flanger - Free Fall - Sotto l'acqua cheta (Trema il fondo) aROCK [DISCHI]eCodice MATERIA SPICS: 9950 aZappa RiccardogCodice interprete SPICS: 10040eInterprete